00993nam a2200277 i 4500003000900000005001700009007000300026008004100029020001800070040003000088082001300118100004000131245013200171264003800303300005100341336002700392337003300419338002800452490001200480500006200492500003900554504003000593650002200623650002700645700004300672DO-SdBNP20240530073928.0ta240524s2017 dr ac r 000 f spa d a9788497442220 aDO-SdBNPbspacBNPHUerda bN218222 aNaranjo Orovio, Consueloedirectora10aEsclavitud y diferencia racial en el Caribe hispano /cdirectora Consuelo Narajno Orovio : editor Pedro Miguel Sánchez Moreno 1a[España] :bDoce calles,c2017. a298 páginasbilustraciones, retratosc24 cm. 2rdacontentatextobtxt 2rdamediaasin mediaciónbn 2rdacarrieravolumenbnc1 aAntilia aIncluye datos biografícos de la autora en las solapas.  aIncluye notas a pie de páginas.  aBibliografía p: 271-298 0aNovela dominicana 0aLiteratura dominicana.1 aSánchez Moreno, Pedro Migueleeditor